<?xml version="1.0" encoding="UTF-8"?><?xml-stylesheet type="text/xsl" href="static/style.xsl"?><OAI-PMH xmlns="http://www.openarchives.org/OAI/2.0/" xmlns:xsi="http://www.w3.org/2001/XMLSchema-instance" xsi:schemaLocation="http://www.openarchives.org/OAI/2.0/ http://www.openarchives.org/OAI/2.0/OAI-PMH.xsd"><responseDate>2026-04-17T02:23:45Z</responseDate><request verb="GetRecord" identifier="oai:www.recercat.cat:2099.1/23786" metadataPrefix="marc">https://recercat.cat/oai/request</request><GetRecord><record><header><identifier>oai:recercat.cat:2099.1/23786</identifier><datestamp>2025-07-23T04:42:53Z</datestamp><setSpec>com_2072_1033</setSpec><setSpec>col_2072_452951</setSpec></header><metadata><record xmlns="http://www.loc.gov/MARC21/slim" xmlns:dcterms="http://purl.org/dc/terms/" xmlns:xsi="http://www.w3.org/2001/XMLSchema-instance" xmlns:doc="http://www.lyncode.com/xoai" xsi:schemaLocation="http://www.loc.gov/MARC21/slim http://www.loc.gov/standards/marcxml/schema/MARC21slim.xsd">
   <leader>00925njm 22002777a 4500</leader>
   <datafield ind2=" " ind1=" " tag="042">
      <subfield code="a">dc</subfield>
   </datafield>
   <datafield ind2=" " ind1=" " tag="720">
      <subfield code="a">Alcaide Díaz, Daniel</subfield>
      <subfield code="e">author</subfield>
   </datafield>
   <datafield ind2=" " ind1=" " tag="720">
      <subfield code="a">Pardina Rivas, Laura</subfield>
      <subfield code="e">author</subfield>
   </datafield>
   <datafield ind2=" " ind1=" " tag="260">
      <subfield code="c">2014-06</subfield>
   </datafield>
   <datafield ind2=" " ind1=" " tag="520">
      <subfield code="a">La llegada del modelo de negocio E-commerce ha supuesto todo un reto de adecuación y adaptabilidad por parte de todo el conjunto de operaciones que intervienen a lo largo de la cadena de suministro. Con una clara tendencia al intento de estrechamiento de la cadena logística, las empresas han encontrado en el modelo E-commerce una respuesta a muchas de sus pretensiones.&#xd;
El presente Trabajo Final de Máster (TFM) trata el tema de las devoluciones visto desde el prisma de una empresa E-commerce. A lo largo del estudio se muestra cómo el no control del flujo de devoluciones puede conllevar una problemática y repercutir de forma directa sobre los beneficios de la empresa.&#xd;
Tras un exhaustivo y sintetizado análisis sobre la evolución y la situación actual del modelo E-commerce en España, se presenta la problemática de las devoluciones entendiéndolas como un flujo encajado en el concepto de logística inversa dentro del esquema de la cadena suministro.&#xd;
A través del estudio de un caso en particular, se cuantifica el impacto de las devoluciones en una empresa real, lo que ayuda a conocer el orden de magnitud del problema. Después del análisis de los datos y de la propuesta de mejoras para conseguir reducir el impacto perjudicial de las devoluciones, dichas propuestas son priorizadas y estudiadas para su implantación.&#xd;
La monitorización de las causas que derivan en las devoluciones ayuda al análisis y a focalizar las actuaciones en el punto más crítico de la cadena de suministro, obteniendo así el alcance de unos ahorros bastante significativos.</subfield>
   </datafield>
   <datafield tag="653" ind2=" " ind1=" ">
      <subfield code="a">Àrees temàtiques de la UPC::Economia i organització d'empreses::Comerç electrònic</subfield>
   </datafield>
   <datafield tag="653" ind2=" " ind1=" ">
      <subfield code="a">Àrees temàtiques de la UPC::Economia i organització d'empreses::Direcció d’operacions::Anàlisi de processos de negoci i de fabricació</subfield>
   </datafield>
   <datafield tag="653" ind2=" " ind1=" ">
      <subfield code="a">Electronic commerce</subfield>
   </datafield>
   <datafield tag="653" ind2=" " ind1=" ">
      <subfield code="a">Business logistics -– Management</subfield>
   </datafield>
   <datafield tag="653" ind2=" " ind1=" ">
      <subfield code="a">Product management</subfield>
   </datafield>
   <datafield tag="653" ind2=" " ind1=" ">
      <subfield code="a">Sales management</subfield>
   </datafield>
   <datafield tag="653" ind2=" " ind1=" ">
      <subfield code="a">Comerç electrònic</subfield>
   </datafield>
   <datafield tag="653" ind2=" " ind1=" ">
      <subfield code="a">Logística (Indústria) -- Direcció i administració</subfield>
   </datafield>
   <datafield tag="653" ind2=" " ind1=" ">
      <subfield code="a">Gestió de productes</subfield>
   </datafield>
   <datafield tag="653" ind2=" " ind1=" ">
      <subfield code="a">Gestió de vendes</subfield>
   </datafield>
   <datafield ind2="0" ind1="0" tag="245">
      <subfield code="a">Procesos de mejora para la reducción de devoluciones en una empresa E-commerce</subfield>
   </datafield>
</record></metadata></record></GetRecord></OAI-PMH>